Quel pays ou territoire en Océanie ? - Statistiques

Statistiques générales
  • Ce quiz a été pris 51 fois
  • Le résultat moyen est 16 sur 21
Statistiques - réponses
Quel pays ou territoire d'Océanie Lettre Pays % Correct
...à dans son nom complet la notion "États fédérés" M Micronésie
100%
...à une défense de sanglier en spirale sur son drapeau V Vanuatu
96%
...est situé sur l'atoll de l'ancienne capitale P Palaos
91%
...est considéré à lui seul comme un continent A Australie
89%
...est considéré comme le département 988 en France N C Nouvelle Calédonie
87%
... se fait appeler All Blacks en rugby N Nouvelle Zelande
87%
...recense Tahiti ou Bora Bora par exemple P F Polynesie Française
87%
...possède une croix et les même couleur que la Suisse sur son drapeau T Tonga
87%
...se féminisé d'après son nom F Fidji
83%
...a un point cardinal dans son nom de capitale K Kiribati
83%
...à également une capitale alternant consonnes et voyelles T Tuvalu
83%
...borde les mer de Corail et celle du même nom S Îles Salomon
78%
...est identifié dans le nom d'un catcheur (Joe) S Samoa
78%
...à Delap-Uliga-Darrit comme plus grande ville sur l'atoll de Majuro M Îles Marshall
76%
...appartient aux États-Unis et est connu pour sa fosse M Mariannes
72%
...à une frontière avec un autre pays mais pas sur le même continent P Papouasie Nouvelle Guinée
72%
...est rattaché au Chili avec ses statues Moaïs P Pâques
65%
...utilise la même monnaie que le pays précédent N Niue
50%
...à 15 étoiles sur son drapeau représentant ses 15 îles C Cook
39%
...fut divisé en décembre 1899 par un traité entre l'Allemagne et les États-Unis S A Samoa Américaines
39%
...est le seul territoire d'outre mer anglais situé dans le Pacifique P Pitcairn
30%
Aucun quiz correspondant
Distribution des résultats
% des personnes avec chaque résultat
Percentile par nombre de réponses
Votre historique - résultats
Vous n’avez pas pris ce quiz